Introduction to mechanics of solids (Record no. 6446)

000 -LEADER
fixed length control field 00525nam a22001931 4500
001 - CONTROL NUMBER
control field 6446
003 - CONTROL NUMBER IDENTIFIER
control field BD-DhUET
008 - FIXED-LENGTH DATA ELEMENTS--GENERAL INFORMATION
fixed length control field 700820s1968 njua b 000 0 eng
040 ## - CATALOGING SOURCE
Original cataloging agency DLC
Transcribing agency DLC
Modifying agency BD-DhUET
082 00 - DEWEY DECIMAL CLASSIFICATION NUMBER
Classification number 620.11
Item number POP/1968
100 ## - MAIN ENTRY--PERSONAL NAME
Personal name Egor P. Popov
245 10 - TITLE STATEMENT
Title Introduction to mechanics of solids
250 ## - EDITION STATEMENT
Edition statement 1st ed.
260 ## - PUBLICATION, DISTRIBUTION, ETC. (IMPRINT)
Place of publication, distribution, etc. New Jersey
Name of publisher, distributor, etc. Prentice-Hall
Date of publication, distribution, etc. 1968
300 ## - PHYSICAL DESCRIPTION
Extent xix, 571p.
Other physical details illus.
490 0# - SERIES STATEMENT
Series statement Civil engineering and engineering mechanics series
650 #0 - SUBJECT ADDED ENTRY--TOPICAL TERM
Topical term or geographic name as entry element Strength of materials
942 ## - ADDED ENTRY ELEMENTS (KOHA)
Koha item type General Book
Holdings
Copy number Koha date last borrowed Source of classification or shelving scheme Price effective from Shelving location Location (home branch) Piece designation (barcode) Not for loan Date acquired Sublocation or collection (holding branch) Lost status Koha issues (times borrowed) Koha out on loan Damaged status Koha full call number Withdrawn status Koha date last seen Koha normalized classification for sorting Koha item type
1  2014-12-15Circulation sectionCentral Library, BUET39984 2014-12-15Central Library, BUET    620.11/POP/1968 2014-12-15620_110000000000000_POP_1968General Book
22025-11-30 2014-12-15Circulation sectionCentral Library, BUET40240 2014-12-15Central Library, BUET 22025-12-14 620.11/POP/1968 2025-11-30620_110000000000000_POP_1968General Book
3  2014-12-15Circulation sectionCentral Library, BUET62168 2014-12-15Central Library, BUET    620.11/POP/1968 2014-12-15620_110000000000000_POP_1968General Book
42024-03-19 2014-12-15Circulation sectionCentral Library, BUET74505 2014-12-15Central Library, BUET 7  620.11/POP/1968 2025-04-20620_110000000000000_POP_1968General Book
5  2015-06-29Reading sectionCentral Library, BUET42955 2015-06-29Central Library, BUET    620.11/POP/1968 2015-06-29620_110000000000000_POP_1968Reading Item